| 000 | 00514nam a22001817a 4500 | ||
|---|---|---|---|
| 003 | CEME | ||
| 005 | 20210628202832.0 | ||
| 008 | 210118b xxu||||| |||| 00| 0 eng d | ||
| 020 | _a81-7888-459-3 | ||
| 040 | _c. | ||
| 082 | _a620.503 DOM | ||
| 100 |
_aNorman, Don, Shan, Jun _961875 |
||
| 245 | _aDominant's dictionary of nanotechnology | ||
| 260 |
_aNEW DELHI _bDOMINANT PUBLISHER _c2007 |
||
| 300 | _a264 P | ||
| 650 |
_aDICTIONARY OF NANOTECHNOLOGY.NANOTECHNOLOGY - DICTIONARY . _961876 |
||
| 942 |
_cBK _2ddc |
||
| 999 |
_c571174 _d571174 |
||